IFM Opac

The law of Contract (Record no. 18168)

MARC details
000 -LEADER
fixed length control field 00262nam a22001217a 4500
082 ## - DEWEY DECIMAL CLASSIFICATION NUMBER
Classification number 346.022 KOS
100 ## - MAIN ENTRY--PERSONAL NAME
Personal name Koshuma.M.M.H
245 ## - TITLE STATEMENT
Title The law of Contract
260 ## - PUBLICATION, DISTRIBUTION, ETC.
Place of publication, distribution, etc. Dar es salaam
Date of publication, distribution, etc. 1983
300 ## - PHYSICAL DESCRIPTION
Extent 70pg
Other physical details 32cm
650 ## - SUBJECT ADDED ENTRY--TOPICAL TERM
Topical term or geographic name entry element Students guide
942 ## - ADDED ENTRY ELEMENTS (KOHA)
Koha item type Books
Holdings
Withdrawn status Lost status Source of classification or shelving scheme Damaged status Not for loan Home library Current library Shelving location Date acquired Full call number Barcode Date last seen Price effective from Koha item type
    Dewey Decimal Classification     IFM Main Campus Library IFM Main Campus Library   08/11/2017 346.022 KOS 0000017264 08/11/2017 08/11/2017 Books